Selected Works

Uloženo v:
Podrobná bibliografie
Hlavní autor: Kipling, Rudyard
Médium: Kniha
Jazyk:Undetermined
Vydáno: New York, Estados Unidos Gramercy Books 1982
Témata:
Tagy: Přidat tag
Žádné tagy, Buďte první, kdo vytvoří štítek k tomuto záznamu!

MARC

LEADER 00000nam a2200000Ia 4500
008 170316s9999 xx 000 0 und d
040 |a cru BVZT 
090 |a 820 K-5s 
100 |a Kipling, Rudyard 
245 |a Selected Works 
260 |a New York, Estados Unidos 
260 |b Gramercy Books 
260 |c 1982 
300 |a 1000 páginas 
650 |a LITERATURA INGLESA 
999 |c 6974  |d 6974 
942 |c 15 D  |h 820 K-5s  |2 z